[Event "Piacenza Region-ch"]
[Site "Piacenza"]
[Date "2023.01.15"]
[Round "4"]
[White "Mignoni, Simone"]
[Black "Marzatico, Luca"]
[Result "0-1"]
[WhiteElo "1210"]
[BlackElo "1945"]
[PlyCount "76"]
[EventDate "2023.01.13"]
[EventType "swiss"]
[EventRounds "5"]
[EventCountry "ITA"]
[SourceTitle "CBM 212 Extra"]
[Source "ChessBase"]
[SourceDate "2023.03.31"]
[SourceVersion "1"]
[SourceVersionDate "2023.03.31"]
[SourceQuality "1"]

1. Nf3 c5 2. c4 Nf6 3. Nc3 Nc6 4. e3 e5 5. d4 cxd4 6. exd4 exd4 7. Nxd4 Bb4 8. Nxc6 dxc6 9. Qxd8+ Kxd8 10. Bg5 Bxc3+ 11. bxc3 Re8+ 12. Be2 Ke7 13. 0-0 h6 14. Bxf6+ Kxf6 15. Rfe1 Bf5 16. Bf3 Rad8 17. Rac1 Rxe1+ 18. Rxe1 Rd2 19. a4 Rc2 20. g4 Rxc3 21. Kg2 Be6 22. Rb1 b6 23. Rb4 c5 24. Rb1 Rxc4 25. h3 Rxa4 26. Bc6 Rb4 27. Rd1 a5 28. Rd3 a4 29. Rf3+ Ke7 30. Re3 Rb3 31. Bxa4 Rxe3 32. fxe3 Bd7 33. Bb3 b5 34. Kf2 c4 35. Ba2 Be6 36. Ke1 b4 37. Kd1 b3 38. Bb1 c3 0-1

[Event "Emilia Romagna tt op"]
[Site "Piacenza"]
[Date "2022.09.24"]
[Round "2"]
[White "Mignoni, Simone"]
[Black "Pagani, Fausto"]
[Result "0-1"]
[WhiteElo "1279"]
[BlackElo "1431"]
[PlyCount "74"]
[EventDate "2022.09.23"]
[EventType "team-swiss"]
[EventRounds "5"]
[EventCountry "ITA"]
[SourceTitle "EXT 2023"]
[Source "ChessBase"]
[SourceDate "2022.10.05"]
[SourceVersion "1"]
[SourceVersionDate "2022.10.05"]
[SourceQuality "1"]
[WhiteTeam "Piacenza New Generation"]
[BlackTeam "Parma Promo"]
[WhiteTeamCountry "ITA"]
[BlackTeamCountry "ITA"]

1. Nf3 d5 2. d4 Nf6 3. c4 c6 4. Nc3 dxc4 5. e4 Bg4 6. Be2 e6 7. a3 Nbd7 8. 0-0 Be7 9. Bg5 0-0 10. Bxc4 Bxf3 11. Qxf3 h6 12. Bxf6 Nxf6 13. Rad1 Qb6 14. b4 Qc7 15. e5 Nd5 16. Nxd5 cxd5 17. Ba2 Qc2 18. Bb1 Qc4 19. Rfe1 Rac8 20. Qd3 Qxd3 21. Bxd3 Rc3 22. b5 Bxa3 23. Be2 Rfc8 24. Ra1 Rc1 25. Kf1 Rxe1+ 26. Rxe1 Rc1 27. Rxc1 Bxc1 28. Bd3 Bb2 29. f4 Bxd4 30. Ke2 f6 31. f5 exf5 32. Bxf5 Bxe5 33. Be6+ Kf8 34. Bxd5 b6 35. g3 Ke7 36. Bc4 Kd6 37. Kd3 Kc5 0-1